Part I: Maritime piracy: an overview of trends, costs and trade-related implication (Record no. 81742)

MARC details
000 -LEADER
fixed length control field 01024nam a2200193 a 4500
008 - FIXED-LENGTH DATA ELEMENTS--GENERAL INFORMATION
fixed length control field 150123s2014 ||||||||||||||||| || u
050 ## - LIBRARY OF CONGRESS CALL NUMBER
Classification number UNCTAD(08)STLP/1
110 ## - MAIN ENTRY--CORPORATE NAME
Corporate name or jurisdiction name as entry element United Nations Conference on Trade and Development (UNCTAD)
245 10 - TITLE STATEMENT
Title Part I: Maritime piracy: an overview of trends, costs and trade-related implication
Statement of responsibility, etc by United Nations Conference on Trade And Development (UNCTAD)
260 ## - PUBLICATION, DISTRIBUTION, ETC. (IMPRINT)
Place of publication, distribution, etc New York:
Name of publisher, distributor, etc United Nations Conference on Trade and Development (UNCTAD)
Date of publication, distribution, etc 2014
300 ## - PHYSICAL DESCRIPTION
Extent viii, 39p.: ill.
362 1# -
-- Also includes Part II
490 ## - SERIES STATEMENT
Series statement Studies in Transport Law and Policy
650 ## - SUBJECT ADDED ENTRY--TOPICAL TERM
Topical term or geographic name as entry element PIRACY--PREVENTION
650 ## - SUBJECT ADDED ENTRY--TOPICAL TERM
Topical term or geographic name as entry element PIRACY--ECONOMIC ASPECTS
650 ## - SUBJECT ADDED ENTRY--TOPICAL TERM
Topical term or geographic name as entry element MARITIME (INTERNATIONAL LAW) PIRACY)
995 ## - RECOMMENDATION 995 [LOCAL, UNIMARC FRANCE]
-- CBU-MAIN LIBRARY (Kitwe)
-- 2
-- AVAILABLE
-- Jul 21, 2015
-- International Publications
995 ## - RECOMMENDATION 995 [LOCAL, UNIMARC FRANCE]
-- CBU-MAIN LIBRARY (Kitwe)
-- 1
-- AVAILABLE
-- Jan 26, 2015
-- International Publications
Holdings
Withdrawn status Lost status Source of classification or shelving scheme Damaged status Not for loan Permanent Location Current Location Shelving location Date acquired Total Checkouts Full call number Barcode Date last seen Copy number Price effective from Koha item type
          CBU-MAIN LIBRARY, KITWE. CBU-MAIN LIBRARY, KITWE.   09/05/2023   UNCTAD(08)STLP/2 B1779 09/05/2023 1 09/05/2023 SPECIAL COLLECTION
          CBU-MAIN LIBRARY, KITWE. CBU-MAIN LIBRARY, KITWE.   09/05/2023   UNCTAD(08)STLP/1 B1778 09/05/2023 2 09/05/2023 SPECIAL COLLECTION